Personnages de Sonic & Sega All-star racing - Statistiques

Statistiques générales
  • Ce quiz a été pris 104 fois
  • Le résultat moyen est 13 sur 24
Statistiques - réponses
Série/Jeu Personnage % Correct
Sonic the Hedgehog Sonic
99%
Sonic the Hedgehog Tails
97%
Sonic the Hedgehog Knuckles
96%
Sonic the Hedgehog Amy
93%
Sonic the Hedgehog Dr. Eggman
93%
Sonic the Hedgehog Shadow
91%
Samba de _____ Amigo
62%
Sonic the Hedgehog Big
55%
Super monkey ball AiAi
51%
____ ____ in miracle world Alex kidd
48%
_____ and the giant egg Billy
45%
Sonic the Hedgehog Metal Sonic
45%
Wii Mii
45%
Space channel 5 Ulala
43%
Jet Set Radio Beat
38%
Shenmue Ryo Hazuki
38%
B____-K______ Banjo & Kazooie
35%
Crazy taxi B.D. Joe
35%
______ Rocket ! Les Chuchus
33%
Fantasy Zone Opa-Opa
29%
The house of the death Zobio & Zobiko
28%
Xbox 360 Avatar
22%
Virtua Fighter Jacky et Akira
22%
Bonanza Bros. Mobo & Robo
17%
Aucun quiz correspondant
Distribution des résultats
% des personnes avec chaque résultat
Percentile par nombre de réponses
Votre historique - résultats
Vous n’avez pas pris ce quiz